1734 1364 1453 1456 1572 1566 1346 1987 1656 1234 1453 1150 1967 1254 1893 1036 1159 1918 1784 1837 1437 1482 1462 1778 1042 1250 1806 1491 1091 1368 1663 1611 1806 1434 1902 1946 1674 1122 1898 1254 1913 1435 1905 1491 1670 1981 1264 1154 1121 1661 1860 1362 1034 1670 1384 1872 1428 1015 1231 1328 1366 1233 1902 1702 1976 1045 1969 1369 1892 1936 1962 1573 1112 1722 1094 1245 1359 1091 1866 1283 1155 1677 1736 1126 1083 1904 1869 1435 1064 1325 1207 1621 1048 1828 1505 1756 1440 1784 1478 BCNSPRNW ULIB Ver.6.0+V

เปลี่ยนเป็นภาษาไทย

Change to English
 แสดงรายละเอียดบรรณานุกรม
  กลับหน้าหลัก

Brief Record : Get Marc (ISO 2709) : E-mail record : QR code < ปิดหน้าต่าง
LEADER : 00000nam 2200000uu 4500
001    13399127442
003     ULIB
008    200525s2562||||th 000 0 tha d
020    ^a9786167380100
050 04 ^aPE1128^bก671ส
100 0  ^aกิตติ์ จิรติกุล
245 10 ^aสอบติดพิชิต TOEFL iTP /^bกิตติ์ จิรติกุล
260    ^aกรุงเทพฯ :^bบุ๊คเฟิสท์,^c2562
300    ^a286 หน้า :^bภาพประกอบ ;^c30 ซม. +^eซีดี-รอม 1 แผ่น
650  0 ^aEnglish language^xExaminations, questions, etc.
650  0 ^aEnglish language^xGrammar
650  0 ^aEnglish language^xUsage
650  0 ^aTest of English as a Foreign Language
650  4 ^aภาษาอังกฤษ^xข้อสอบและเฉลย
650  4 ^aภาษาอังกฤษ^xไวยากรณ์
650  4 ^aภาษาอังกฤษ^xการใช้ภาษา
650  4 ^aโทเฟล
653    ^aTOEFL
945    ^p0^l0^i28322
999    ^aกัณชพร จุลอักษร
รายการนี้ยังไม่มีแท็ก
คุณยังไม่ได้ล็อกอิน คุณสามารถมีกิจกรรมร่วมกับเว็บไซต์ได้ แต่ต้องล็อกอินก่อน ::
  ล็อกอิน

รายการสื่อสารสนเทศ

ลำดับที่ ประเภท เลขเรียก/บาร์โค้ด สถานที่ สถานะ
1. หนังสือสำรอง
หนังสือสำรอง
PE1128 ก671ส ฉ.1 
  Barcode: 28322
ห้องสมุดวิทยาเขตนครสวรรค์
►หนังสือทั่วไป:l:General Books
บนชั้น

รายการใกล้เคียง
    ผู้แต่ง [กิตติ์ จิรติกุล]

    หัวเรื่อง [English language Grammar]
    หัวเรื่อง [Test of English as a Foreign Language]
    หัวเรื่อง [ภาษาอังกฤษ การใช้ภาษา]
    หัวเรื่อง [โทเฟล]

BibComment


ยังไม่เคยถูกคอมเมนท์

คอมเมนท์ทรัพยากรรายการนี้
  คอมเมนท์: สอบติดพิชิต TOEF..


 Copyright 2026. Bcnsprnw @Library